Statistics for Phoebe Bridgers - Garden Song (Lyrics)

Click here to take the quiz!

General Stats

  • This quiz has been taken 105 times
  • The average score is 195 of 220

Answer Stats

Answer% Correct
a
100%
garden
100%
I
99%
the
99%
The
99%
we
99%
You
99%
you
99%
do
97%
and
96%
And
96%
be
96%
In
96%
in
96%
when
96%
don't
94%
I'm
94%
it,
94%
It
94%
it
94%
to
94%
your
94%
goes
93%
grow
93%
her
93%
live
93%
missing
93%
my
93%
neighbor
93%
on
93%
plant
93%
see
93%
See
93%
skinhead
93%
it's
92%
it's
92%
know
92%
me
92%
up,
92%
up
92%
what
92%
house
90%
I'll
90%
taller
90%
water
90%
but
89%
But
89%
gonna
89%
got
89%
our
89%
want
89%
yard,
89%
No,
87%
not
87%
then
87%
Then
87%
all
86%
grew
86%
growing
86%
here
86%
hill
86%
roses
86%
should
86%
something
86%
wanted
86%
dream
85%
everything
85%
how,
85%
like
85%
mean
85%
movies,
85%
must
85%
of
85%
reflection
85%
thousands
85%
at
83%
doctor
83%
door
83%
frame
83%
just
83%
seeing
83%
Someday,
83%
went
83%
flames
82%
flatbed
82%
have
82%
look
82%
touch
82%
get
80%
liver
80%
notches
80%
recurring
80%
remember
80%
that
80%
tidal
80%
turns
80%
wave
80%
'til
79%
getting
79%
into
79%
life
79%
put
79%
smaller
79%
before
77%
Except
77%
leg
77%
over
77%
resentment's
77%
screen
77%
was
77%
Everything's
76%
She
76%
dorm
75%
From
75%
hands
75%
haunted
75%
hedge
75%
insist
75%
room,
75%
knew
73%
seventeen
73%
told
73%
wake
73%
maze
72%
phone
72%
They're
72%
afraid
70%
fence
70%
work
70%
hard
69%
Huntington
69%
find
68%
hopped
68%
bridge
66%
gluing
66%
Off
59%

Score Distribution

Percentile by Number Answered

Percent of People with Each Score

Your Score History

You have not taken this quiz